| 000 | 00736nam a22002417a 4500 | ||
|---|---|---|---|
| 001 | 00028760 | ||
| 005 | 20260414135745.0 | ||
| 008 | 260414b ag ||||| |||| 00| 0 spa d | ||
| 020 | _a9789870709299 | ||
| 040 |
_aAR-CcCEOS _bspa _cAR-CcCEOS |
||
| 041 | _aspa | ||
| 080 | _a950 | ||
| 090 | _bCOL t.1 | ||
| 100 |
_aPABLO COLAZO _91038 |
||
| 245 |
_aHistoria ilustrada para los chicos de hoy : _bTomo 1 : la prehistoria / _cPablo Colazo |
||
| 250 | _a1ª ed. | ||
| 260 |
_aBuenos Aires : _bArte Gráfico, _c2010. |
||
| 300 |
_av. 1, 48 p. ; _c27x23 cm. |
||
| 490 | _vHistoria Ilustrada para los chicos de hoy - Genios ; tomo 1 | ||
| 650 | 0 |
_ahistoria _990 |
|
| 655 | 0 |
_aliteratura infantil y juvenil _978 |
|
| 942 |
_2udc _cBK _n0 |
||
| 999 |
_c28795 _d28795 |
||